| 000 | 00400nam a2200121Ia 4500 | ||
|---|---|---|---|
| 008 | 180305s9999 xx 000 0 und d | ||
| 020 | _a9780340967591 | ||
| 100 | _aClancy, John | ||
| 245 |
_cJohn Clancy, Andrew J. McVicar _aPhysiology and Anatomy: _bFor Nurses and Healthcare Practitioners A Homeostatic Approach |
||
| 250 | _a3rd ed. | ||
| 260 |
_aUK _bHodder Arnold _c2009 |
||
| 300 | _avii, 724 Pages | ||
| 999 |
_c356075 _d356075 |
||